México frente a la adversidad /
Emisión del programa Nexos TV del 12 de abril de 1994, segundo de dos programas titulados México frente a la adversidad. La antropóloga Lourdes Arizpe; el politólogo Adolfo Gilly; Mauricio Merino, académico de El Colegio de México, y Rafael Loyola, directivo de la Facultad Latinoamericana de Ciencia...
Gardado en:
| Autor Principal: | |
|---|---|
| Outros autores: | , , , , , , , |
| Formato: | |
| Idioma: | Lingua castelá |
| Publicado: |
México :
Televisión Azteca,
1994, c1994
|
| Series: | (Nexos TV ;
267) |
| Temas: | |
| Etiquetas: |
Sen Etiquetas, Sexa o primeiro en etiquetar este rexistro!
|
MARC
| LEADER | 00000ngm^a2200000^a^4500 | ||
|---|---|---|---|
| 001 | 000275390 | ||
| 005 | 20250521000000.0 | ||
| 009 | 20260310111230.115 | ||
| 037 | |a Acervo ITESO - Biblioteca | ||
| 041 | |a ESP | ||
| 082 | |a 320. 972 |b NEX V. 267 | ||
| 100 | |a Cordera Campos, Rolando |e (dir. general) | ||
| 240 | 1 | 1 | |a [Nexos TV] |
| 245 | 1 | 0 | |a México frente a la adversidad / |c Dir. general de R. Cordera Campos. |
| 264 | 4 | |a México : |b Televisión Azteca, |c 1994, c1994 | |
| 300 | |a 1 videocasete VHS |c (63 min.) | ||
| 336 | |a imagen móvil bidimensional |b tdi |2 rdacontenido | ||
| 337 | |a video |b v |2 rdamedio | ||
| 338 | |a videocasete |b vf |2 rdasoporte | ||
| 440 | 1 | |a (Nexos TV ; |v 267) | |
| 520 | |a Emisión del programa Nexos TV del 12 de abril de 1994, segundo de dos programas titulados México frente a la adversidad. La antropóloga Lourdes Arizpe; el politólogo Adolfo Gilly; Mauricio Merino, académico de El Colegio de México, y Rafael Loyola, directivo de la Facultad Latinoamericana de Ciencias Sociales (FLACSO) en México participaron en esta segunda mesa de discusión acerca del clima de violencia política imperante en México durante los tres primeros meses de 1994. Completa la emisión un comentario editorial de José Woldenberg, docente de la Universidad Nacional Autónoma de México (UNAM). | ||
| 562 | |a Créditos de producción incompletos o inexistentes | ||
| 649 | |a XX | ||
| 650 | |a Candidatos Políticos Mexicanos | ||
| 650 | |a Políticos Mexicanos | ||
| 650 | |a Programas de Opinión y Debate | ||
| 650 | |a Debates y el Arte de Discutir | ||
| 650 | |a Opinión Pública - |z México | ||
| 650 | |a Credibilidad Política - |z México | ||
| 650 | |a Guerra de Chiapas, 1994 | ||
| 650 | |a Guerra y Paz - |z México | ||
| 650 | |a Asesinato Político - |z México | ||
| 650 | |a Violencia Política - |z México - |x Historia - |y 1988-1994 - |x Tema Principal | ||
| 650 | |a Violencia Política - |z México - |x Historia - |y Siglo XX | ||
| 650 | |a Problemas Sociales - |z México | ||
| 650 | |a Elecciones - |z México - |x Historia | ||
| 650 | |a México - |x Condiciones Políticas | ||
| 650 | |a Política - |z México - |x Historia - |y 1988-1994 | ||
| 650 | |a Política - |z México - |x Historia - |y Siglo XX | ||
| 650 | |a Colosio Murrieta, Luis Donaldo | ||
| 700 | |a Sánchez Rebolledo, Adolfo |e (coordinación) | ||
| 700 | |a Gutiérrez, Marcela |e (producción) | ||
| 700 | |a Aguilar Camín, Héctor |e (asesoría) | ||
| 700 | |a Arizpe, Lourdes |e (conferencia) | ||
| 700 | |a Gilly, Adolfo |e (conferencia) | ||
| 700 | |a Loyola Díaz, Rafael |e (conferencia) | ||
| 700 | |a Merino, Mauricio |e (conferencia) | ||
| 700 | |a Woldenberg, José |e (comentarios) | ||
| 910 | |a Fondo General | ||
| 920 | |a Audiovisuales - Videocasetes | ||
| 905 | |a 301 | ||
| 901 | |a 0500066225 |b IT2 |c VIS |u 20250521 | ||
| 902 | |a https://opac.biblio.iteso.mx/vufind/Record/000275390 | ||